| 000 | 00604nam a22002297a 4500 | ||
|---|---|---|---|
| 999 |
_c7203 _d7203 |
||
| 003 | Ost | ||
| 005 | 20190425230136.0 | ||
| 008 | 190425b ||||| |||| 00| 0 eng d | ||
| 020 | _a9788131727249 | ||
| 040 | _cBT-PhCST | ||
| 050 | _a22354-22358 | ||
| 082 |
_222 _a621.3815 _bTOC |
||
| 100 | _aTocci, Ronald J. | ||
| 245 |
_aDigital systems : _bprinciples and applications / |
||
| 250 | _a10th ed. | ||
| 260 |
_aNew Delhi : _bPearson, _cc2013. |
||
| 300 |
_axix, 848 p. : _bill. ; _c26 cm. |
||
| 500 | _aIncludes index. | ||
| 700 | _aWidmer, Neal S. | ||
| 700 | _aMoss, Gregory L. | ||
| 942 |
_2ddc _cEE |
||